Burnham's celestial handbook : (Record no. 28702)
[ view plain ]
| 000 -LEADER | |
|---|---|
| fixed length control field | 01353cam a22003735i 4500 |
| 001 - CONTROL NUMBER | |
| control field | 360851 |
| 003 - CONTROL NUMBER IDENTIFIER | |
| control field | EG-ScBUE |
| 005 - DATE AND TIME OF LATEST TRANSACTION | |
| control field | 20200910150540.0 |
| 008 - FIXED-LENGTH DATA ELEMENTS--GENERAL INFORMATION | |
| fixed length control field | 780504t19781978nyua f b 001 0 eng d |
| 020 ## - INTERNATIONAL STANDARD BOOK NUMBER | |
| International Standard Book Number | 0486240630 (clothbound) |
| 020 ## - INTERNATIONAL STANDARD BOOK NUMBER | |
| International Standard Book Number | 048623567X (volume 1) |
| 020 ## - INTERNATIONAL STANDARD BOOK NUMBER | |
| International Standard Book Number | 9780486235677 (volume 1) |
| 020 ## - INTERNATIONAL STANDARD BOOK NUMBER | |
| International Standard Book Number | 0486235688 (volume 2) |
| 020 ## - INTERNATIONAL STANDARD BOOK NUMBER | |
| International Standard Book Number | 9780486235684 (volume 2) |
| 020 ## - INTERNATIONAL STANDARD BOOK NUMBER | |
| International Standard Book Number | 0486236730 (volume 3) |
| 020 ## - INTERNATIONAL STANDARD BOOK NUMBER | |
| International Standard Book Number | 9780486236735 (volume 3) |
| 040 ## - CATALOGING SOURCE | |
| Original cataloging agency | DLC |
| Language of cataloging | eng |
| Description conventions | rda |
| Transcribing agency | DLC |
| Modifying agency | DLC |
| -- | EG-ScBUE |
| 082 04 - DEWEY DECIMAL CLASSIFICATION NUMBER | |
| Classification number | 523.89 |
| Item number | BUR |
| Edition number | 22 |
| 100 1# - MAIN ENTRY--PERSONAL NAME | |
| Personal name | Burnham, Robert, |
| Dates associated with a name | 1931-1993, |
| Relator term | author. |
| 240 10 - UNIFORM TITLE | |
| Uniform title | <a href="Celestial handbook">Celestial handbook</a> |
| 245 10 - TITLE STATEMENT | |
| Title | Burnham's celestial handbook : |
| Remainder of title | an observer's guide to the Universe beyond the solar system / |
| Statement of responsibility, etc | Robert Burnham, Jr., Staff Member, Lowell Observatory, 1958-1979. |
| 250 ## - EDITION STATEMENT | |
| Edition statement | Revised and enlarged edition. |
| 264 #1 - PUBLICATION, DISTRIBUTION, ETC. (IMPRINT) | |
| Place of publication, distribution, etc | New York : |
| Name of publisher, distributor, etc | Dover Publications, INC., |
| Date of publication, distribution, etc | [1978] |
| 264 #4 - PUBLICATION, DISTRIBUTION, ETC. (IMPRINT) | |
| Date of publication, distribution, etc | c1978 |
| 300 ## - PHYSICAL DESCRIPTION | |
| Extent | 3 volumes : |
| Other physical details | illustrations ; |
| Dimensions | 24 cm |
| 336 ## - CONTENT TYPE | |
| Content type term | text |
| Content type code | txt |
| Source | rdacontent |
| 337 ## - MEDIA TYPE | |
| Media type term | unmediated |
| Media type code | n |
| Source | rdamedia |
| 338 ## - CARRIER TYPE | |
| Carrier type term | volume |
| Carrier type code | nc |
| Source | rdacarrier |
| 500 ## - GENERAL NOTE | |
| General note | Includes indexes. |
| 505 0# - FORMATTED CONTENTS NOTE | |
| Formatted contents note | volume 1. Andromeda-Cetus.-- volume 2. Chamaeleon-Orion.-- volume 3. Pavo-Vulpecula. |
| 650 #7 - SUBJECT ADDED ENTRY--TOPICAL TERM | |
| Topical term or geographic name as entry element | Astronomy |
| General subdivision | Observers' manuals. |
| Source of heading or term | BUEsh |
| 653 ## - INDEX TERM--UNCONTROLLED | |
| Resource For college | Engineering, General |
| Arrived date list | September2020 |
| 942 ## - ADDED ENTRY ELEMENTS (KOHA) | |
| Source of classification or shelving scheme | Dewey Decimal Classification |
| Koha item type | Book - Borrowing |
| Withdrawn status | Lost status | Source of classification or shelving scheme | Damaged status | Not for loan | Home library | Current library | Shelving location | Date acquired | Source of acquisition | Total Checkouts | Full call number | Barcode | Date last seen | Koha item type | Public note | Collection code | Cost, normal purchase price | Price effective from |
|---|---|---|---|---|---|---|---|---|---|---|---|---|---|---|---|---|---|---|
| Dewey Decimal Classification | Central Library | Central Library | First floor | 27/07/2008 | Purchase | 523.89 BUR | 000013396 | 15/07/2025 | NB - Book (Non borrowing) | Volume 2 | ||||||||
| Dewey Decimal Classification | Central Library | Central Library | First floor | 21/06/2009 | Purchase | 523.89 BUR | 000016830 | 15/07/2025 | Book - Borrowing | Volume 3 | Alef-Baa | 150.00 | 21/06/2009 | |||||
| Dewey Decimal Classification | Central Library | Central Library | First floor | 21/06/2009 | Purchase | 523.89 BUR | 000007901 | 15/07/2025 | NB - Book (Non borrowing) | Volume 1 | Alef-Baa | 21/06/2009 | ||||||
| Dewey Decimal Classification | Central Library | Central Library | First floor | 10/09/2020 | Purchase | 523.89 BUR | 000049633 | 15/07/2025 | Book - Borrowing | Volume 1 | unknown | 10/09/2020 | ||||||
| Dewey Decimal Classification | Central Library | Central Library | First floor | 10/09/2020 | Purchase | 523.89 BUR | 000049634 | 15/07/2025 | Book - Borrowing | Volume 2 | unknown | 10/09/2020 | ||||||
| Dewey Decimal Classification | Central Library | Central Library | First floor | 10/09/2020 | Purchase | 523.89 BUR | 000049635 | 15/07/2025 | Book - Borrowing | Volume 3 | unknown | 10/09/2020 |